000 03374cam a2200433 i 4500
003 data
005 20260322212003.0
008 data
010 _a2017032784
020 _a9781501154645
_q(hardcover)
020 _a1501154648
_q(hardcover)
020 _a9781501154669
_q(ebook)
037 _aBRO-copy20180510-001
040 _aDLC
_beng
_erda
_cDLC
_dUtOrBLW
_dYDX
_dBDX
_dOCLCQ
_dJQR
_dDAD
_dSXP
_dOCLCO
_dCZA
_dMLY
_dIGA
_dFMF
_dBUR
_dTXN
_dOCJ
_dIUK
_dOQX
_dILC
_dTXMAL
_dYDX
_dOCLCO
_dOCLCQ
_dUPM
_dOCLCO
_dIN4
_dTXM
_dFBR
_dTXHUT
_dHAS
_dOCLCF
_dUtOrBLW
042 _apcc
050 0 0 _aPR6060.E95
_bT48 2018
082 0 0 _a823/.914
_223
099 _aJEWELL
100 1 _aJewell, Lisa,
_eauthor.
_0http://id.loc.gov/authorities/names/nb99011742
245 1 0 _aThen she was gone :
_ba novel /
_cLisa Jewell.
250 _aFirst Atria books hardcover edition
264 1 _aNew York :
_bAtria Books,
_c2018
264 4 _c©2017
300 _a359 pages ;
_c24 cm
336 _atext
_btxt
_2rdacontent
337 _aunmediated
_bn
_2rdamedia
338 _avolume
_bnc
_2rdacarrier
520 _a"Ten years after her teenage daughter disappears, a woman crosses paths with a charming single father whose young child feels eerily familiar, in this evocative, suspenseful drama from New York Times bestselling author Lisa Jewell--perfect for fans of Paula Hawkins and Liane Moriarty. Ellie Mack was the perfect daughter. She was fifteen, the youngest of three. She was beloved by her parents, friends, and teachers. She and her boyfriend made a teenaged golden couple. She was days away from an idyllic post-exams summer vacation, with her whole life ahead of her. And then she was gone. Now, her mother Laurel Mack is trying to put her life back together. It's been ten years since her daughter disappeared, seven years since her marriage ended, and only months since the last clue in Ellie's case was unearthed. So when she meets an unexpectedly charming man in a café, no one is more surprised than Laurel at how quickly their flirtation develops into something deeper. Before she knows it, she's meeting Floyd's daughters--and his youngest, Poppy, takes Laurel's breath away. Because looking at Poppy is like looking at Ellie. And now, the unanswered questions she's tried so hard to put to rest begin to haunt Laurel anew. Where did Ellie go? Did she really run away from home, as the police have long suspected, or was there a more sinister reason for her disappearance? Who is Floyd, really? And why does his daughter remind Laurel so viscerally of her own missing girl?"--
_cProvided by publisher
650 0 _aFamilies
_vFiction.
_0http://id.loc.gov/authorities/subjects/sh2008103507
650 0 _aMissing children
_vFiction.
_0http://id.loc.gov/authorities/subjects/sh2008107468
650 4 _aFICTION / Contemporary Women
655 7 _aThrillers (Fiction)
_2lcgft
_0http://id.loc.gov/authorities/genreForms/gf2014026571
655 7 _aSuspense fiction.
_2gsafd
655 4 _aSuspense fiction
655 7 _aFiction.
_2fast
_0http://id.worldcat.org/fast/1423787
_0http://id.worldcat.org/fast/1423787
655 7 _aThrillers (Fiction)
_2fast
_0http://id.worldcat.org/fast/1726755
_0http://id.worldcat.org/fast/1726755
776 0 8 _iOnline version:
_aJewell, Lisa.
_tThen she was gone.
_bFirst Atria Books hardcover edition.
_dNew York : Atria Books, 2018
_z9781501154669
_w(DLC) 2017039921
001 data
999 _c26
_d26